[Event "Reykjavik op"]
[Site "Reykjavik"]
[Date "2023.04.02"]
[Round "7"]
[White "Panesar, Vedant"]
[Black "Van Kessel, Wessel"]
[Result "1-0"]
[WhiteElo "2348"]
[BlackElo "2137"]
[PlyCount "49"]
[EventDate "2023.03.29"]
[EventType "swiss"]
[EventRounds "9"]
[EventCountry "ISL"]
[SourceTitle "CBM 213 Extra"]
[Source "ChessBase"]
[SourceDate "2023.05.31"]
[SourceVersion "1"]
[SourceVersionDate "2023.05.31"]
[SourceQuality "1"]

1. e4 d5 2. exd5 Nf6 3. Bb5+ Bd7 4. Bc4 Bg4 5. f3 Bh5 6. Nc3 Nbd7 7. Nge2 g5 8. d4 h6 9. Ng3 Bg6 10. 0-0 a6 11. Nge4 Bg7 12. Nxf6+ Bxf6 13. Bb3 b5 14. a3 Nb6 15. Be3 Qd7 16. Qe2 h5 17. Ne4 Qf5 18. Nxf6+ Qxf6 19. Qd2 Qd6 20. Bxg5 Nxd5 21. Rae1 e6 22. Re5 0-0 23. Bxd5 exd5 24. Be7 Qd7 25. Qh6 1-0

[Event "Reykjavik op"]
[Site "Reykjavik"]
[Date "2023.04.01"]
[Round "6"]
[White "Van Kessel, Wessel"]
[Black "Ladopoulos, Dimitrios"]
[Result "1-0"]
[WhiteElo "2137"]
[BlackElo "2391"]
[PlyCount "75"]
[EventDate "2023.03.29"]
[EventType "swiss"]
[EventRounds "9"]
[EventCountry "ISL"]
[SourceTitle "CBM 213 Extra"]
[Source "ChessBase"]
[SourceDate "2023.05.31"]
[SourceVersion "1"]
[SourceVersionDate "2023.05.31"]
[SourceQuality "1"]

1. e4 c5 2. Nc3 Nc6 3. Bb5 Nd4 4. Bc4 g6 5. Nf3 Bg7 6. Nxd4 cxd4 7. Qf3 e6 8. Nb5 d6 9. Qa3 Ke7 10. c3 dxc3 11. dxc3 a6 12. Be2 Rb8 13. Nd4 Qc7 14. 0-0 b5 15. Rd1 h6 16. f4 Ke8 17. Be3 Nf6 18. Bf3 Bb7 19. e5 dxe5 20. fxe5 Bf8 21. Qb3 Nd5 22. Bf2 Bg7 23. Re1 Kf8 24. Bg4 Re8 25. a4 h5 26. Bf3 bxa4 27. Rxa4 Kg8 28. c4 Nb6 29. Bxb7 Nxa4 30. Qxa4 Rb8 31. Bf3 Rxb2 32. Qxa6 Bxe5 33. Nxe6 Bxh2+ 34. Kh1 fxe6 35. Qxe6+ Kh7 36. Qf6 Be5 37. Rxe5 Rb1+ 38. Bg1 1-0

[Event "Sitges Sunway op 9th"]
[Site "Sitges"]
[Date "2022.12.19"]
[Round "7"]
[White "Van Kessel, Wessel"]
[Black "Rakhmangulova, Anastasiya"]
[Result "1/2-1/2"]
[WhiteElo "2145"]
[BlackElo "2296"]
[PlyCount "90"]
[EventDate "2022.12.12"]
[EventType "swiss"]
[EventRounds "10"]
[EventCountry "ESP"]
[SourceTitle "CBM 211 Extra"]
[Source "ChessBase"]
[SourceDate "2023.01.31"]
[SourceVersion "1"]
[SourceVersionDate "2023.01.31"]
[SourceQuality "1"]

1. Nf3 Nf6 2. b3 d6 3. d4 g6 4. Bb2 Bg7 5. e3 0-0 6. Be2 c6 7. 0-0 a5 8. a4 Na6 9. Nbd2 Re8 10. e4 Nh5 11. g3 Bh3 12. Re1 e5 13. dxe5 dxe5 14. Nc4 Qc7 15. Qd6 Bg4 16. Qxc7 Nxc7 17. Nd6 Bxf3 18. Nxe8 Rxe8 19. Bxf3 Nf6 20. Bg2 Bf8 21. Bc3 b6 22. Bf1 Bc5 23. h3 h5 24. Kg2 h4 25. g4 Bd4 26. Bxd4 exd4 27. f4 Rxe4 28. Rxe4 Nxe4 29. Re1 Nd2 30. Rd1 Nxf1 31. Kxf1 c5 32. Ke2 Nd5 33. Kf3 f6 34. Rd2 Nc3 35. Rf2 Kf7 36. Rf1 Nd5 37. Ke4 Nb4 38. Rf2 Ke6 39. Rd2 Kf7 40. Re2 Ke7 41. Rd2 Kf7 42. Re2 Na2 43. Rf2 Nb4 44. Re2 Na2 45. Rf2 Nb4 1/2-1/2

[Event "Sitges Sunway op 9th"]
[Site "Sitges"]
[Date "2022.12.17"]
[Round "6"]
[White "Meister, Peter"]
[Black "Van Kessel, Wessel"]
[Result "1/2-1/2"]
[WhiteElo "2347"]
[BlackElo "2145"]
[PlyCount "57"]
[EventDate "2022.12.12"]
[EventType "swiss"]
[EventRounds "10"]
[EventCountry "ESP"]
[SourceTitle "CBM 211 Extra"]
[Source "ChessBase"]
[SourceDate "2023.01.31"]
[SourceVersion "1"]
[SourceVersionDate "2023.01.31"]
[SourceQuality "1"]

1. d4 Nf6 2. c4 e6 3. Nf3 Bb4+ 4. Bd2 a5 5. a3 Bxd2+ 6. Qxd2 0-0 7. Nc3 d6 8. g3 Nbd7 9. Bg2 e5 10. b3 c6 11. 0-0 e4 12. Ng5 d5 13. cxd5 cxd5 14. f3 h6 15. Nh3 Re8 16. fxe4 Nxe4 17. Nxe4 dxe4 18. e3 Nf6 19. Nf2 Qd5 20. b4 Bd7 21. Rfc1 axb4 22. axb4 Rxa1 23. Rxa1 Qb3 24. Qe1 Bc6 25. Rb1 Qa2 26. Ra1 Qb3 27. Rb1 Qa2 28. Ra1 Qb3 29. Rb1 1/2-1/2

[Event "Sitges Sunway op 9th"]
[Site "Sitges"]
[Date "2022.12.12"]
[Round "1"]
[White "Van Kessel, Wessel"]
[Black "Kollars, Dmitrij"]
[Result "0-1"]
[WhiteElo "2145"]
[BlackElo "2610"]
[PlyCount "98"]
[EventDate "2022.12.12"]
[EventType "swiss"]
[EventRounds "10"]
[EventCountry "ESP"]
[SourceTitle "CBM 211 Extra"]
[Source "ChessBase"]
[SourceDate "2023.01.31"]
[SourceVersion "1"]
[SourceVersionDate "2023.01.31"]
[SourceQuality "1"]

1. c4 e5 2. Nc3 Bb4 3. Nd5 Be7 4. d4 d6 5. e4 Nf6 6. Nxe7 Qxe7 7. f3 0-0 8. Ne2 Nfd7 9. g4 exd4 10. Qxd4 Nc6 11. Qc3 Nc5 12. Be3 a5 13. h4 Qe5 14. Qd2 Qxb2 15. Qxb2 Nd3+ 16. Kd2 Nxb2 17. Nd4 Ne5 18. Kc3 Na4+ 19. Kb3 Nc5+ 20. Kc3 Bd7 21. Be2 Rae8 22. Rag1 f6 23. Rg2 g6 24. h5 g5 25. Rb1 Kf7 26. Nb5 Rc8 27. Na7 Rb8 28. Nb5 Rfc8 29. Na7 Rd8 30. Nb5 Ne6 31. Nd4 Nc5 32. Nb5 Bxb5 33. Rxb5 b6 34. Rb1 Ne6 35. Rf2 Ke7 36. Bd1 Rb7 37. Rd2 Rdb8 38. Be2 Nf4 39. Bxf4 gxf4 40. Rd5 c6 41. Rd2 b5 42. cxb5 cxb5 43. Rd5 Rc7+ 44. Kd2 Rc5 45. Rb3 b4 46. Rd4 Rbc8 47. Bd1 Nc4+ 48. Ke2 Na3 49. Rbd3 Nb5 0-1

[Event "Maia op 6th"]
[Site "Maia"]
[Date "2022.08.28"]
[Round "4"]
[White "Leenhouts, Koen"]
[Black "Van Kessel, Wessel"]
[Result "1-0"]
[WhiteElo "2442"]
[BlackElo "2140"]
[PlyCount "57"]
[EventDate "2022.08.26"]
[EventType "swiss"]
[EventRounds "9"]
[EventCountry "POR"]
[SourceTitle "CBM 210 Extra"]
[Source "ChessBase"]
[SourceDate "2022.11.30"]
[SourceVersion "1"]
[SourceVersionDate "2022.11.30"]
[SourceQuality "1"]

1. d4 Nf6 2. c4 b6 3. Nc3 Bb7 4. d5 e6 5. a3 Bd6 6. Nf3 0-0 7. g3 c6 8. Bg2 cxd5 9. cxd5 Nxd5 10. Nxd5 exd5 11. 0-0 Na6 12. b4 Re8 13. Bb2 Nc7 14. Rc1 a5 15. Nh4 axb4 16. Bxg7 Qg5 17. Ba1 Ne6 18. axb4 Bxb4 19. Qb3 Bc5 20. Nf3 Qh6 21. e3 Bc6 22. Ne5 Rxa1 23. Rxa1 d4 24. e4 Ng5 25. f4 d3+ 26. Kh1 Rxe5 27. fxe5 Qh5 28. Qxd3 Nh3 29. g4 1-0

[Event "Benidorm op-A"]
[Site "Benidorm"]
[Date "2021.12.10"]
[Round "7"]
[White "Van Kessel, Wessel"]
[Black "Cumming, Rhys"]
[Result "0-1"]
[WhiteElo "2154"]
[BlackElo "2377"]
[PlyCount "88"]
[EventDate "2021.12.04"]
[EventType "swiss"]
[EventRounds "9"]
[EventCountry "ESP"]
[SourceTitle "CBM 205 Extra"]
[Source "ChessBase"]
[SourceDate "2022.01.31"]
[SourceVersion "1"]
[SourceVersionDate "2022.01.31"]
[SourceQuality "1"]

1. c4 c5 2. g3 g6 3. Bg2 Bg7 4. Nc3 Nc6 5. a3 Nf6 6. e3 d6 7. Nge2 h5 8. h3 e5 9. 0-0 Be6 10. Nd5 Ne7 11. Nec3 Nfxd5 12. cxd5 Bd7 13. b4 b6 14. Qb3 0-0 15. Bb2 Bf5 16. e4 Bd7 17. f4 Nc8 18. a4 h4 19. g4 exf4 20. Rxf4 Qg5 21. Raf1 Be5 22. Ne2 Bxa4 23. Qxa4 Bxb2 24. bxc5 dxc5 25. Rxf7 Nd6 26. Rxa7 Rxa7 27. Rxf8+ Kxf8 28. Qxa7 Be5 29. Qb8+ Kg7 30. Qxb6 Qxd2 31. Qc7+ Nf7 32. Qxc5 Qxe2 33. Qc1 Ng5 34. d6 Nxh3+ 35. Kh1 Nf2+ 36. Kg1 Nh3+ 37. Kh1 Nf2+ 38. Kg1 h3 39. Qc7+ Kh6 40. g5+ Kh5 41. Qh7+ Kg4 42. d7 h2+ 43. Qxh2 Qd1+ 44. Kxf2 Bd4# 0-1

[Event "Sitges Sunway op 6th"]
[Site "Sitges"]
[Date "2019.12.20"]
[Round "8"]
[White "Martin Barcelo, Carles"]
[Black "Van Kessel, Wessel"]
[Result "0-1"]
[WhiteElo "2196"]
[BlackElo "2095"]
[PlyCount "76"]
[EventDate "2019.12.13"]
[EventType "swiss"]
[EventRounds "10"]
[EventCountry "ESP"]
[SourceTitle "CBM 193 Extra"]
[Source "ChessBase"]
[SourceDate "2020.01.31"]
[SourceVersion "1"]
[SourceVersionDate "2020.01.31"]
[SourceQuality "1"]

1. e4 c5 2. Nf3 e6 3. b3 a6 4. Bb2 Nc6 5. Bd3 d6 6. 0-0 e5 7. Re1 g6 8. Bf1 Bg7 9. c3 Bg4 10. h3 Bxf3 11. Qxf3 Nge7 12. d3 0-0 13. Nd2 b5 14. Qe2 Nc8 15. g3 Nb6 16. Qd1 Bh6 17. Nf3 b4 18. c4 a5 19. a4 Nd4 20. Bxd4 cxd4 21. Bg2 Nd7 22. Qc2 Nc5 23. Rf1 Ra7 24. Rae1 f5 25. exf5 gxf5 26. Nh4 Qg5 27. Bd5+ Kh8 28. Nf3 Qh5 29. Kg2 Rg7 30. Nh2 Qg5 31. Nf3 Qf6 32. Nh2 Re7 33. Qd1 Bg7 34. f3 Bh6 35. Rh1 Rg7 36. Nf1 Qh4 37. Qc2 Bf4 38. g4 Qxe1 0-1

[Event "Ghent Eastman op 41st"]
[Site "Ghent"]
[Date "2018.07.14"]
[Round "2"]
[White "Malakhatko, Vadim"]
[Black "Van Kessel, Wessel"]
[Result "1-0"]
[WhiteElo "2499"]
[BlackElo "2055"]
[PlyCount "43"]
[EventDate "2018.07.14"]
[EventType "swiss"]
[EventRounds "9"]
[EventCountry "BEL"]
[SourceTitle "CBM 185 Extra"]
[Source "ChessBase"]
[SourceDate "2018.07.29"]
[SourceVersion "1"]
[SourceVersionDate "2018.07.29"]
[SourceQuality "1"]

1. c4 e5 2. e3 Nc6 3. Nc3 Bb4 4. Nge2 d6 5. a3 Bxc3 6. Nxc3 f5 7. d4 a5 8. Be2 Nf6 9. 0-0 0-0 10. b3 Qe8 11. Bb2 g5 12. Nd5 Rf7 13. dxe5 dxe5 14. Bh5 Nxh5 15. Qxh5 Qf8 16. Qxg5+ Rg7 17. Qf6 Qe8 18. f4 Be6 19. fxe5 Rd8 20. Nf4 Rd2 21. Bc3 Rc2 22. Rac1 1-0

[Event "Vlissingen HZ op 20th"]
[Site "Vlissingen"]
[Date "2016.08.11"]
[Round "7"]
[White "Balje, Jan"]
[Black "Van Kessel, Wessel"]
[Result "1/2-1/2"]
[WhiteElo "2219"]
[BlackElo "2007"]
[PlyCount "58"]
[EventDate "2016.08.06"]
[EventType "swiss"]
[EventRounds "9"]
[EventCountry "NED"]
[SourceTitle "CBM 173 Extra"]
[Source "ChessBase"]
[SourceDate "2016.08.29"]
[SourceVersion "1"]
[SourceVersionDate "2016.08.29"]
[SourceQuality "1"]

1. Nf3 Nf6 2. d4 e6 3. g3 b5 4. Bg2 Bb7 5. 0-0 Be7 6. a4 b4 7. c4 bxc3 8. bxc3 0-0 9. c4 a5 10. Nc3 Na6 11. Rb1 Rb8 12. Bf4 Bb4 13. Qc2 d6 14. Rfd1 Qe7 15. e4 Bxc3 16. Qxc3 Bxe4 17. Rxb8 Nxb8 18. Qxa5 Nc6 19. Qc3 Ra8 20. Ra1 Na5 21. Nd2 Bxg2 22. Kxg2 Qe8 23. Qb4 Qc6+ 24. f3 h6 25. Qb5 Qa6 26. Be3 Qa7 27. Nb3 Nxb3 28. Qxb3 Rb8 29. Qc3 Nd7 1/2-1/2

[Event "Ghent Taminco op 36th"]
[Site "Ghent"]
[Date "2013.07.22"]
[Round "5"]
[White "Van Kessel, Wessel"]
[Black "Schroeder, Jan Christian"]
[Result "0-1"]
[WhiteElo "1916"]
[BlackElo "2340"]
[PlyCount "38"]
[EventDate "2013.07.20"]
[EventType "swiss"]
[EventRounds "9"]
[EventCountry "BEL"]
[SourceTitle "CBM 155 Extra"]
[Source "ChessBase"]
[SourceDate "2013.08.26"]
[SourceVersion "1"]
[SourceVersionDate "2013.08.26"]
[SourceQuality "1"]

1. e4 e5 2. f4 Bc5 3. Nc3 d6 4. Nf3 Nf6 5. Bc4 Nc6 6. d3 a6 7. f5 h6 8. a4 Nd4 9. Nxd4 Bxd4 10. Qe2 c6 11. Be3 0-0 12. Bb3 d5 13. Bxd4 exd4 14. Nd1 dxe4 15. dxe4 Bxf5 16. 0-0 Bxe4 17. Rxf6 Qxf6 18. Qxe4 Rae8 19. Bxf7+ Qxf7 0-1

[Event "Ghent Taminco op 36th"]
[Site "Ghent"]
[Date "2013.07.21"]
[Round "3"]
[White "Van Kessel, Wessel"]
[Black "Bezemer, Arno J"]
[Result "1/2-1/2"]
[WhiteElo "1916"]
[BlackElo "2292"]
[PlyCount "97"]
[EventDate "2013.07.20"]
[EventType "swiss"]
[EventRounds "9"]
[EventCountry "BEL"]
[SourceTitle "CBM 155 Extra"]
[Source "ChessBase"]
[SourceDate "2013.08.26"]
[SourceVersion "1"]
[SourceVersionDate "2013.08.26"]
[SourceQuality "1"]

1. e4 c5 2. Nc3 d6 3. f4 g6 4. Nf3 Bg7 5. g3 Nc6 6. d3 e6 7. Bg2 Nge7 8. 0-0 0-0 9. Be3 b6 10. Qd2 d5 11. exd5 exd5 12. d4 Nf5 13. Bf2 cxd4 14. Nxd5 Bb7 15. Nb4 Nxb4 16. Qxb4 Ne3 17. Bxe3 dxe3 18. Rfe1 Re8 19. c3 Qd3 20. Qb3 e2 21. Ng5 Qe3+ 22. Kh1 Bxg2+ 23. Kxg2 Qe7 24. Rac1 Qb7+ 25. Kf2 Bf8 26. Nf3 Bc5+ 27. Nd4 Qe4 28. Rc2 Bxd4+ 29. cxd4 Qxd4+ 30. Kg2 Re3 31. Qc4 Qd1 32. Rexe2 Rae8 33. Kf2 Rxe2+ 34. Rxe2 Rxe2+ 35. Qxe2 Qd4+ 36. Kf1 Kf8 37. a3 Qd5 38. Ke1 h5 39. Kf2 Qh1 40. Ke3 Qc1+ 41. Kf2 h4 42. Kg2 Qc6+ 43. Kh3 hxg3 44. Kxg3 Qc1 45. Qe5 Qg1+ 46. Kh3 f5 47. Qb8+ Kg7 48. Qe5+ Kf7 49. Qc7+ 1/2-1/2

[Event "Ghent Taminco op 34th"]
[Site "Ghent"]
[Date "2011.07.17"]
[Round "3"]
[White "Van Kessel, Wessel"]
[Black "Stuemer, Paul"]
[Result "0-1"]
[WhiteElo "1698"]
[BlackElo "2135"]
[PlyCount "118"]
[EventDate "2011.07.16"]
[EventType "swiss"]
[EventRounds "9"]
[EventCountry "BEL"]
[SourceTitle "CBM 143 Extra"]
[Source "ChessBase"]
[SourceDate "2011.08.29"]
[SourceVersion "1"]
[SourceVersionDate "2011.08.29"]
[SourceQuality "1"]

1. e4 c5 2. Nc3 a6 3. g3 b5 4. Bg2 Bb7 5. d3 g6 6. Nge2 Nf6 7. Nf4 b4 8. Nce2 e5 9. Nh3 d5 10. exd5 Bxd5 11. 0-0 Be7 12. f4 Nc6 13. fxe5 Nxe5 14. Nef4 Bxg2 15. Kxg2 0-0 16. b3 Qd6 17. Ng5 Qc6+ 18. Kg1 Nfg4 19. Nf3 Bf6 20. Rb1 Rae8 21. h3 Nxf3+ 22. Qxf3 Bd4+ 23. Kg2 Ne5 24. Qxc6 Nxc6 25. h4 Ne5 26. Bd2 Ng4 27. Kh3 f5 28. Rbe1 Bf2 29. Rxe8 Rxe8 30. Kg2 Be3 31. Re1 Kf7 32. Re2 Bxf4 33. Rxe8 Bxd2 34. Ra8 Ne3+ 35. Kf3 Nxc2 36. Ra7+ Kf6 37. Rxa6+ Ke5 38. Ra7 Nd4+ 39. Kg2 Ne6 40. Rd7 Bc3 41. Kh3 h6 42. h5 Kf6 43. Rd6 Be5 44. Rc6 Ke7 45. Kg2 Kd7 46. Ra6 f4 47. g4 Ng5 48. Rxg6 f3+ 49. Kf1 Bd4 50. Ra6 f2 51. Ra8 Nf3 52. Rf8 Nh2+ 53. Kg2 f1Q+ 54. Rxf1 Nxf1 55. Kxf1 Ke6 56. Ke2 Ke5 57. Kf3 Kf6 58. Kf4 Bg1 59. Kg3 Ke5 0-1